000 01014nac a22002291u 4500
010 _a 2004052643
020 _a0521592402
020 _a0521597412 (pbk.)
082 0 0 _a320.956
_bH1554
090 _c2269
_d2269
100 _aHalliday, Fred.
245 1 4 _aThe Middle East in international relations :
_bpower, politics and ideology /
_cFred Halliday.
260 _aCambridge, UK ;
_aNew York :
_bCambridge,2005
_c2005.
300 _axii, 374 p. :
_bmaps ;
_c24 cm.
440 4 _aThe contemporary Middle East ;
_v4
504 _aIncludes bibliographical references (p. 356-366) and index.
651 0 _aMiddle East
_xForeign relations.
651 0 _aMiddle East
_xPolitics and government
_y20th century.
856 4 2 _3Publisher description
_uhttp://www.loc.gov/catdir/description/cam041/2004052643.html
942 _cBB
_k320.956 H1554
999 _c2269
_d2269